Financial stability report July 2020

Detalles Bibliográficos
Formato: eBook
Lenguaje:inglés
Publicado: Bruselas: European Union Publications Office, 2020
Materias:
Acceso en línea:Acceso restringido

MARC

LEADER 00000nam a22000007a 4500
005 20210818235555.0
007 cr|||| ||||
008 210818s2020 eu |||||s|||| 00||0 eng d
020 |a 978-92-9473-240-8 
035 |a 34463 
040 |a vLex 
090 |c 12057  |d 12057 
245 0 0 |a Financial stability report  |h [Recurso electrn̤ico] :  |b July 2020 
256 |a Servicio en ln̕ea 
260 |a Bruselas:  |b European Union Publications Office,  |c 2020 
300 |a 1 recurso electrn̤ico 
506 1 |a Disponible solo en los productos indicados  |d vLex Global  |d vLex Global (Academic Edition, excluding Law Schools)  |d vLex Global (U.S. Academic Edition, Law Schools)  |d vLex Global (U.S. Academic Edition, excluding Law Schools)  |d vLex Global (Academic Edition, Law Schools) 
650 0 4 |a Seguros  |z Unin̤ Europea 
740 0 |a vLex Libros (Servicio en ln̕ea) 
856 4 0 |u https://app.vlex.com/#/sources/34463  |z Acceso restringido 
942 |c BOOK 
999 0 |a Insurance